'100 First Names' Word Ladder Quiz Stats

Quiz Updated Jul 17, 2014

Challenge
Share
Tweet
Embed
Score 0/100 Timer 11:00
0 Plays Today
Hint 3-Letter Name % Correct
Solo, 'Star Wars'Han
86.9%
Bon Jovi - singerJon
86.9%
Garfunkel - singer (museum piece)Art
85.2%
Aykroyd - actorDan
84.9%
___ King Cole - SingerNat
84.5%
Hanks; Cruise - actorsTom
84%
Gibson - actorMel
83%
Tiny ___, 'A Christmas Carol'Tim
82.8%
Sir ___ McKellen, 'Lord of The Rings...'Ian
82.7%
Biden - U.S. Vice PresidentJoe
81.8%
Henley - singer (Quixote's title)Don
81.5%
Dylan; Marley - singersBob
80.7%
Leno - 'The Tonight Show with...'Jay
80.4%
Weasley, 'Harry Potter…'Ron
79.9%
Henson - Muppets creatorJim
79.3%
Diesel - actor
(French for a fermented drink)
Vin
78.8%
Jennings - Jeopardy legend
(Barbie boyfriend, ___ )
Ken
77.9%
Stevens - singer (mouse-catcher)Cat
77.7%
Franklin - U.S. statesman & inventorBen
77.5%
Reiner; Lowe - actorsRob
77.2%
Cartoon '___ & Stimpy'Ren
77.1%
___ Van Winkle (cut or tear)Rip
76.7%
Ripken - baseball
(U.S. state, informally)
Cal
76.5%
Kilmer - actorVal
76.5%
Basinger - actress (Kipling Novel, '___')Kim
76.1%
Hooks - actress 'SNL'Jan
76%
Morrison - Irish singer (vehicle)Van
76%
Holbrook - actor
('2001' computer)
Hal
75.9%
Luthor, 'Superman' (laws)Lex
74.9%
Dennings - actress
(Krazy ___, comic strip feline)
Kat
72.8%
___, bartender 'The Simpsons'Moe
72.6%
Fisher - cartoonist 'Joe Palooka'
(green eggs and ___)
Ham
72.4%
Sajak - 'Wheel of Fortune'Pat
72%
Charles - legendary musicianRay
70.9%
Hint 3-Letter Name % Correct
___ Bailey Hutchison - U.S. Senator
(Mary ____ cosmetics)
Kay
70.8%
Rogers - cowboy actorRoy
70.5%
Kennedy - U.S. SenatorTed
70.4%
Harrison - English actor (Tyrannosaurus)Rex
70.1%
Dawber - actress
(cooking spray brand)
Pam
69.6%
Bush - Florida GovernorJeb
68%
Aunt ___, 'The Andy Griffith Show'
(hive-dwelling insect)
Bee
67.4%
Messner - church builder (___ v. Wade)Roe
67%
West - actressMae
66.9%
Mineo - actor (Spanish for NaCl)Sal
66.3%
Clampett, 'The Beverly Hillbillies'Jed
66.1%
Shannon - singer (computer key)Del
65.4%
Thompson - 'Back to the Future'
(meadow)
Lea
65.1%
Iacocca - Chrysler chairmanLee
64.7%
Behar - 'The View' (great delight)Joy
64.6%
Martin; Woods - actressesNan
64.5%
Rand - author 'Atlas Shrugged'Ayn
63.9%
Skelton; Buttons - comediansRed
63.7%
Calloway - singer (taxi)Cab
62.5%
___, Frodo's gardener friend 'LOTR'Sam
62.3%
Shriner - 'General Hospital'
(family relatives)
Kin
61.3%
Dame ___ Whitty - actress
(word indicating permission)
May
59.6%
Arthur; Benaderet - actressesBea
59.6%
Maxvill - baseball (Indian stew)Dal
59.5%
Bosboom-Lanchava - Chess Master
(drink served hot or iced)
Tea
59.1%
___ of Chios - Greek Philosopher
(charged particle)
Ion
59%
Chaney - actorLon
59%
Keino - Olympic runner (nap)Kip
58.8%
Paul - guitar pioneer
(French definite article)
Les
58.7%
___ Dawn Chong - actressRae
58.5%
Harré - philosopher
(acronym: CD-___)
Rom
58.4%
Flair - wrestler; Ocasek - singerRic
58.1%
Chapin - singer; Heck - directorJen
58.1%
___ Finch, son of Atticus,
'To Kill A Mockingbird'
Jem
58.1%
Hint 3-Letter Name % Correct
O'Neill - U.S. Speaker of the House
(gratuity)
Tip
58%
Anson - baseball (hat)Cap
57.6%
___, Son of Prince ValiantArn
57%
Morrow; Tayback - actors
(injured or cheated person)
Vic
56.3%
___, 'Great Expectations'
(spot on dice, or dominoes)
Pip
54.6%
Meninga - rugby (disease)Mal
54%
___ von Sydow - Swedish actorMax
53.8%
Trager, 'Sons of Anarchy'
(a nickname for Pooh's bouncy friend?)
Tig
52.7%
Warner - Collegiate coach
(short explosive sound)
Pop
52.3%
Martinez - MMA fighter
(cool or awesome)
Rad
52.1%
Ballantine - author (last name of 'The Tell-Tale Heart' author)Poe
50.6%
Cariou - Canadian actor, 'Sweeney Todd…'Len
50.3%
Richard - LPGA golfer
(girl introduced to society)
Deb
49.8%
___ Fong Chun - 'Hawaii Five-0'
(a Chinese language)
Kam
49.6%
Holmes - hockey
(luck or chance)
Hap
49.2%
Saldana - Actress; Elmo's muppet friend ___, 'Sesame Street'Zoe
48.1%
Briggs, 'Mortal Kombat'
(a Florida airport code)
Jax
47.9%
Fairy Queen ___, 'Romeo and Juliet'Mab
47%
Vaughn - CNN news anchorLyn
46.8%
Williams - English actress
(___ Sophia Jewelry')
Lia
43.4%
Young - actor (musical engagement)Gig
43.4%
O'Connor - English TV Host (French indefinite article)Des
43.3%
Scaggs - singer (Dickens' pen name)Boz
41.7%
Character, '___'s Island'Nim
40.9%
Long; Peeples - actressesNia
40.9%
Grissom, 'CSI…'; ___ Gunderson,
'The Simpsons'
Gil
40.6%
Rountree - jazz trumpeter
(a Taiwanese surname)
Lin
34.5%
Savage - British rowerRoz
33.3%
___-Soo Kwon, 'Lost' (also a Chinese surname)Jin
31.6%
Yashin - Goalkeeper great (Bible bk.)Lev
28.1%
Oda - Canadian cabinet ministerBev
26.2%
Sander - Fashion DesignerJil
25.5%

You're not logged in!

Compare scores with friends on all Sporcle quizzes.
Sign Up with Email
OR
Log In

You Might Also Like...

Show Comments

Extras

Top Quizzes Today


Score Distribution

Your Account Isn't Verified!

In order to create a playlist on Sporcle, you need to verify the email address you used during registration. Go to your Sporcle Settings to finish the process.